000 00373nam a2200145Ia 4500
008 100122s9999 xx 000 0 und d
082 _b7507
_a823
100 _aSTEINBECK J
245 _aOF MICE & MEN & CANNERY ROW
260 _bPENGUIN BOOKS
_c1937
300 _a249
630 _aOF MICE & MEN & CANNERY ROW
730 _aOF MICE & MEN & CANNERY ROW
942 _cBOOK
999 _c443578
_d443575